[Event "RSA-ch U08"]
[Site "Bloemfontein"]
[Date "2016.03.21"]
[Round "2"]
[White "Edeani, Tobenna"]
[Black "Allie, Ishmaeel"]
[Result "1/2-1/2"]
[WhiteElo "653"]
[BlackElo "957"]
[PlyCount "31"]
[EventDate "2016.03.20"]
[EventType "swiss"]
[EventRounds "11"]
[EventCountry "RSA"]
[SourceTitle "CBM 171 Extra"]
[Source "ChessBase"]
[SourceDate "2016.04.26"]
[SourceVersion "1"]
[SourceVersionDate "2016.04.26"]
[SourceQuality "1"]

1. e4 e5 2. Nf3 Nc6 3. Bc4 Bc5 4. d3 Na5 5. Nxe5 Nxc4 6. Nxc4 Qe7 7. 0-0 d6 8. Qe1 h6 9. Nc3 g6 10. Nd5 Qd7 11. e5 Kd8 12. Be3 c6 13. Qa5+ Ke8 14. Ndb6 Qd8 15. Bxc5 dxc5 16. Qxc5 1/2-1/2

[Event "RSA-ch U08"]
[Site "Bloemfontein"]
[Date "2016.03.21"]
[Round "3"]
[White "Sopanam Prabha, Arjun"]
[Black "Edeani, Tobenna"]
[Result "0-1"]
[WhiteElo "824"]
[BlackElo "653"]
[PlyCount "97"]
[EventDate "2016.03.20"]
[EventType "swiss"]
[EventRounds "11"]
[EventCountry "RSA"]
[SourceTitle "CBM 171 Extra"]
[Source "ChessBase"]
[SourceDate "2016.04.26"]
[SourceVersion "1"]
[SourceVersionDate "2016.04.26"]
[SourceQuality "1"]

1. e4 e5 2. Nf3 Nc6 3. Bb5 Nd4 4. Bc4 Nxf3+ 5. Qxf3 Nf6 6. Bb3 d6 7. Qc3 Nxe4 8. Qc4 d5 9. Qa4+ Bd7 10. Qa5 Be6 11. Qb5+ Bd7 12. Qxd5 Nd6 13. c4 Be6 14. Qf3 h5 15. c5 Bg4 16. Qe3 Nf5 17. Qxe5+ Ne7 18. Qf4 Nd5 19. Qe4+ Ne7 20. Ba4+ Bd7 21. Bxd7+ Qxd7 22. Qxb7 Qd8 23. d3 Rb8 24. Qxa7 Ra8 25. Qb7 Rb8 26. Qf3 Rb5 27. d4 Qxd4 28. 0-0 Rxc5 29. Be3 Qxb2 30. Bxc5 Qxa1 31. a3 Qe5 32. Qa8+ Kd7 33. Rd1+ Ke6 34. Bxe7 Kxe7 35. Qd8+ Ke6 36. Rd5 Qxd5 37. Qxd5+ Kxd5 38. a4 Bb4 39. Na3 Bxa3 40. a5 Ra8 41. f3 Rxa5 42. g4 hxg4 43. fxg4 Ra6 44. h4 Be7 45. g5 f6 46. g6 Ra8 47. Kg2 f5 48. Kf3 Bxh4 49. Kf4 0-1